000
00195 a2200097 4500
001
16844
100
_a
Coxhead, N
245
_a
Mind Power
260
_a
London
_b
Penjuin
_c
090
_c
12683
_d
12683
942
_a
NUST-CAE
_c
M
_c
2984
999
_c
251917
_d
251917